北海道の国鉄・JR路線一覧(廃線含む) - Statistics

General Stats
  • This quiz has been taken 677 times
  • The average score is 28 of 40
Answer Stats
Hint Answer % Correct
函館本線
99%
宗谷本線
98%
室蘭本線
96%
根室本線
96%
日高本線
96%
釧網本線
96%
留萌本線
95%
千歳線
94%
富良野線
93%
石北本線
92%
石勝線
91%
札沼線
91%
江差線
88%
現役路線 北海道新幹線
84%
名寄本線
80%
天北線
75%
池北線
73%
標津線
72%
広尾線
70%
興浜南線
68%
興浜北線
68%
深名線
68%
羽幌線
66%
海峡線
63%
瀬棚線
62%
松前線
61%
歌志内線
59%
岩内線
58%
美幸線
57%
胆振線
56%
白糠線
55%
士幌線
54%
湧網線
46%
根北線
42%
廃線 相生線
39%
渚滑線
38%
富内線
38%
万字線
38%
手宮線
37%
幌内線
33%
No matching quizzes found
Score Distribution
Percent of People with Each Score
Percentile by Number Answered
Your Score History
You have not taken this quiz